Legislación sobre bienes culturales muebles : protección del libro antiguo /

Enregistré dans:
Détails bibliographiques
Auteur principal: García Aguilar, Idalia (autor)
Format: Livre
Langue:espagnol
Publié: México : Puebla, México : UNAM, Centro Universitario de Investigaciones Psicológicas ; Benemérita Universidad Autónoma de Puebla, 2002, c2002
Collection:(Sistemas Bibliotecarios de Información y Sociedad)
Sujets:
Tags: Ajouter un tag
Pas de tags, Soyez le premier à ajouter un tag!

MARC

LEADER 00000nam^a2200000^a^4500
001 000163054
005 20250521000000.0
009 20260310100854.188
020 |a 970-32-0435-X 
037 |a Acervo ITESO - Biblioteca 
041 |a ESP 
082 |a 344. 72092  |b GAR 
100 |a García Aguilar, Idalia  |e (autor) 
245 1 0 |a Legislación sobre bienes culturales muebles :  |b protección del libro antiguo /  |c I. García Aguilar. 
264 4 |a México :  |b UNAM, Centro Universitario de Investigaciones Psicológicas ;  |a Puebla, México :  |b Benemérita Universidad Autónoma de Puebla,  |c 2002, c2002 
300 |a 85 p. 
336 |a texto  |b txt  |2 rdacontenido 
337 |a sin mediación  |b n  |2 rdamedio 
338 |a volumen  |b nc  |2 rdasoporte 
440 1 |a (Sistemas Bibliotecarios de Información y Sociedad) 
649 |a XX 
650 |a Libros Antiguos y Raros -  |z México -  |x Aspectos Jurídicos 
650 |a Conservación y Restauración de Documentos -  |z México -  |x Aspectos Jurídicos 
650 |a Patrimonio Nacional -  |z México 
650 |a Bienes Muebles -  |z México 
650 |a Derecho de Propiedad -  |z México 
650 |a Derecho Patrimonial -  |z México 
650 |a Bibliotecas Universitarias -  |z México 
650 |a Universidades Públicas -  |z México 
650 |a Derecho Civil -  |z México 
910 |a Fondo General 
920 |a Impresos - Libros 
930 |a Colección General 
905 |a 101 
901 |a 0500095902  |b IT1  |c ACC  |u 20250521 
902 |a https://opac.biblio.iteso.mx/vufind/Record/000163054